Principles of atomic and nuclear physics (Record no. 26710)

MARC details
000 -LEADER
fixed length control field 00343nam a2200133Ia 4500
082 ## - DEWEY DECIMAL CLASSIFICATION NUMBER
Classification number 539.1
Item number SMI
100 ## - MAIN ENTRY--AUTHOR NAME
Personal name Smith, C J
245 #0 - TITLE STATEMENT
Title Principles of atomic and nuclear physics
260 ## - PUBLICATION, DISTRIBUTION, ETC. (IMPRINT)
Place of publication London
Name of publisher Edward Arnold
Year of publication 1972
650 ## - SUBJECT ADDED ENTRY--TOPICAL TERM
Topical Term Nuclear physics
700 ## - ADDED ENTRY--PERSONAL NAME
Personal name Stokes, A R
942 ## - ADDED ENTRY ELEMENTS (KOHA)
Koha item type Books
Holdings
Withdrawn status Lost status Damaged status Not for loan Home library Current library Date acquired Cost, normal purchase price Full call number Accession Number Koha item type
        RRII Library RRII Library 16/12/2021 24.00 539.1 SMI 07342 Books